00853nam a2200217Ia 4500003000400000005001700004008004000021020001400061040000700075082001600082100002200098245003200120260003900152300000900191520025000200690002800450906001100478942001200489999001700501952011700518OSt20260306111024.0210210b1954 xxu||||| |||| 00| 0 eng d a603034055 cAL a823.91 JOHB aJohns W E9257981 aBiggles pioneer air fighter aLondonbThames publishing Coc1954 a184p aThis contains thirteen short stories, eleven of which were originally published in "The Camels are Coming" (1932) and two (The Thought Reader and Biggles Finds His Feet) which were originally published in "Biggles of the Camel Squadron" (1934).  aEnglish Fiction9257982 a030560 2ddccBK c81683d81683 00102ddc40708ENGaALbALcSSSd2021-02-17g0.00l0o823.91 JOHBp030560r2021-02-17 00:00:00w2021-02-17yBK